000 00342nam a2200145Ia 4500
001 R-1227
003 CODICE-MESSINA
005 20260212102504.0
008 260211s9999 xx 000 0 und d
040 _cimportazione_messina
100 _aEve Chase
245 0 _aIl Segreto Di Black Rabbit Hall
260 _bRizzoli
942 _2ddc
_cBK
999 _c27727
_d27727